Valparaíso y el desarrollo económico de Chile

Guardat en:
Dades bibliogràfiques
Autor principal: Castagneto Garviso, Piero (Autor)
Format: Llibre
Idioma:espanyol
Publicat: Valparaíso Cámara Regional del Comercio 2008
Matèries:
Etiquetes: Afegir etiqueta
Sense etiquetes, Sigues el primer a etiquetar aquest registre!

MARC

LEADER 00000nam a2200000 a 4500
001 UCG2308
003 CL-VaPUC
008 100701e20080300CL |||||||||||||||||spa|d
082 0 4 |a 983.8324  |b CAS  |2 21 
100 0 |a Castagneto Garviso, Piero  |e author  |9 550753 
245 1 0 |a Valparaíso y el desarrollo económico de Chile 
300 |a 46 p 
942 |c BK 
945 |d 20100701 00:00:00  |a dcastane 
260 |a Valparaíso  |b Cámara Regional del Comercio  |c 2008 
600 0 7 |a CRCP CAMARA REGIONAL DEL COMERCIO  |2 CL-VaPUC  |9 550754 
650 0 |a Historia de Valparaíso   |y Siglos 19-20  |9 519283 
650 0 |a Comercio  |9 255341 
650 0 |a Desarrollo económico  |9 259599 
651 7 |a CHILE  |2 CL-VaPUC  |9 550756 
651 0 |a Valparaíso, Chile  |9 261144 
583 |a last modification  |c 20100701 00:00:00  |k Rodrigo Vera 
999 |c 341525  |d 341523 
952 |0 0  |1 0  |4 0  |6 983_832400000000000_CAS_2008  |7 0  |8 X  |9 437099  |a FDOBUD  |b FDOBUD  |d 2019-11-22  |i 4682262  |o 983.8324 CAS 2008  |p 4682262  |r 2019-11-22  |w 2019-11-22  |y BK_X  |k BUD